000
00312nam a2200133Ia 4500
008
231129s1967||||xx |||||||||||||| ||spa||
040
_b
spa
082
_a
R 658.850202 A284m
100
_a
Aguirre Mejia Saul
245
0
_a
Manual del vendedor moderno
260
_c
1967
264
_a
Bedout
942
_2
ddc
_c
BKS
999
_c
20507
_d
20507